00425 a2200121 4500003000500000005001700005040000900022082000800031245010100039260003200140650010800172651002300280Nust20170207170525.0 cNust a799 aLec By Lt Col Dr Monis Akhlaq on Cyber Security Threats in Pak and Way Out,Photographs-2015cMCS aRawalpindibMCSc25-02-2015 aPictures of Lec By Lt Col Dr Monis Akhlaq on Cyber Security Threats in Pak and Way Out,Photographs-2015 aSweet Memories-MCS